000 00397nam a2200145Ia 4500
008 220217s9999||||xx |||||||||||||| ||und||
020 _a0-07-058797-3
082 _a410 PRA
100 _aPrasad, Hari Mohan
245 0 _aObjective english: for competitive examinations
250 _a3rd
260 _aTata mc graw hill ltd.
_bNew Delhi
_c2007
300 _b265
650 _aGENERAL BOOKS
999 _c175275
_d175275